000 00313nam a2200133Ia 4500
008 150201s2014 xx 000 0 und d
082 _a616.0707
_bO2012K
100 _aK.MANJUNATH
245 _aORAL PATHOLOGY
250 _a1ST
260 _bELSEVIER PUBLICATION
650 _aORAL PATHOLOGY
942 _2ddc
_cBK
_07
999 _c4823
_d4823